| 000 | 00356nam a22001457a 4500 | ||
|---|---|---|---|
| 020 | _qPB. | ||
| 040 | _cFIZZA ISHAQ | ||
| 082 |
_a620.00151 _bROB |
||
| 100 |
_aMOSS,S.ERIC ROBB. _991696 |
||
| 245 |
_aAPPLIED CIVIL ENGINEERING RISK ANALYSIS / _cROBB ERIC S.MOSS. |
||
| 250 | _a2nd ED. | ||
| 260 |
_aSNS ; _c2013. |
||
| 300 | _a180 P. ; | ||
| 942 |
_2ddc _cBK |
||
| 999 |
_c589855 _d589855 |
||